000 00537nam a2200205Ia 4500
008 220216s9999 xx 000 0 und d
100 _aSyamala V.K.
245 0 _aDissolution pattern of rock phosphates
260 _bIndian Journal of Natural Rubber Research
_c1999
300 _a86-91
650 _aAcidic soil
650 _aDissolution pattern
650 _aRock phosphate
650 _aSoil analysis
700 _aAbraham J.
700 _aBindumol G.P.
700 _aGeorge E.S.
700 _aPunnoose K.I.
942 _cBS
999 _c51534
_d51534